00678 2200205 4500001002100000005001500021035002000036007000300056008004100059020002200100082001200122084001800134100002400152245009900176250003500275260003400310300005600344650004000400504003200440INLIS00000000000338420250916025509 a0010-0925000395ta250916 g 0 ind  a978-602-1615-77-5 a654.408 a654.408 ARI b0 aArif Jauhar Tontowi1 aBisnis Semakin Sukses Dengan CSR /cArif Jauhar Tontowi (Penulis); Sjamsu Dradjat (Penyunting) aCetakan Pertama, Februari 2014 aMakassar :bDapur Buku,c2014 axiv; 172 Halaman :bIlustrasi; teks; tabel ;c21 cm 4aManajemen Pertanggungjawaban Sosial aBibliografi Halaman 163-172